[Event "20th Voronezh Master Open"]
[Site "Voronezh RUS"]
[Date "2016.06.16"]
[Round "5.10"]
[White "Khusenkhojaev, Muhammad"]
[Black "Yudin, Sergei"]
[Result "1/2-1/2"]
[WhiteTitle "IM"]
[BlackTitle "GM"]
[WhiteElo "2419"]
[BlackElo "2530"]
[WhiteFideId "14700247"]
[BlackFideId "4159659"]
[EventDate "2016.06.12"]

1. Nf3 e6 2. c4 d5 3. d4 c6 4. Qc2 dxc4 5. Qxc4 b5 6. Qc2 Bb7 7. Bg5 Qb6 8. e3
Nd7 9. a4 Bb4+ 10. Nc3 Ngf6 11. Bd3 c5 12. Bxf6 Nxf6 13. Bxb5+ Ke7 14. O-O Bxf3
15. dxc5 Qxc5 16. gxf3 Rac8 17. Rac1 Qh5 18. Be2 Bd6 19. f4 Ng4 20. Bxg4 Qxg4+
21. Kh1 Qf3+ 22. Kg1 Qg4+ 23. Kh1 Qf3+ 24. Kg1 Qg4+ 25. Kh1 Qf3+ 1/2-1/2

[Event "20th Voronezh Master Open"]
[Site "Voronezh RUS"]
[Date "2016.06.16"]
[Round "5.11"]
[White "Bajarani, Ulvi"]
[Black "Pavlov, Sergey2"]
[Result "1-0"]
[WhiteTitle "GM"]
[BlackTitle "IM"]
[WhiteElo "2514"]
[BlackElo "2456"]
[WhiteFideId "13403028"]
[BlackFideId "14114330"]
[EventDate "2016.06.12"]

1. e4 e5 2. Nf3 Nc6 3. Bb5 a6 4. Ba4 Nf6 5. O-O b5 6. Bb3 Bb7 7. d3 Bd6 8. a4 h6
9. h3 O-O 10. Be3 Re8 11. axb5 axb5 12. Rxa8 Bxa8 13. Nc3 Na5 14. Ba2 b4 15. Ne2
b3 16. Qe1 c5 17. cxb3 Bf8 18. Ng3 d5 19. Bxc5 Bxc5 20. b4 Bxf2+ 21. Qxf2 Nc6
22. Qc5 Nb8 23. Nh4 Na6 24. Qa5 Qxa5 25. bxa5 Nb4 26. Bb1 Nc6 27. Nhf5 Nxa5 28.
Nxh6+ Kf8 29. Nh5 dxe4 30. Nxf6 gxf6 31. Rxf6 Rb8 32. Rxf7+ Ke8 33. dxe4 Rxb2
34. Bd3 Bc6 35. Rf5 Nb3 36. Bb5 1-0

[Event "20th Voronezh Master Open"]
[Site "Voronezh RUS"]
[Date "2016.06.16"]
[Round "5.12"]
[White "Paravyan, David"]
[Black "Ulko, Jaroslav"]
[Result "0-1"]
[WhiteTitle "IM"]
[BlackTitle "IM"]
[WhiteElo "2514"]
[BlackElo "2446"]
[WhiteFideId "4194985"]
[BlackFideId "4116658"]
[EventDate "2016.06.12"]

1. e4 c5 2. Nf3 e6 3. d4 cxd4 4. Nxd4 Nc6 5. Nc3 a6 6. Bf4 d6 7. Bg3 Nf6 8. Nxc6
bxc6 9. e5 Nd5 10. exd6 Bxd6 11. Ne4 Be7 12. c4 Qa5+ 13. Nd2 Nf6 14. Bd3 Nh5 15.
Qe2 Nxg3 16. hxg3 Rb8 17. b3 Rxb3 18. axb3 Qxa1+ 19. Bb1 Bb4 20. O-O Qb2 21. Rd1
Ke7 22. Bd3 Rd8 23. Qe3 h6 24. Nf3 Qxb3 25. Qe2 Bc3 26. Rb1 Qa3 27. Qe3 Bf6 28.
Rd1 a5 29. Kh2 Kf8 30. g4 Ba6 31. g3 a4 32. Kg2 Qe7 33. Qe4 Qc5 34. Rh1 a3 35.
Bb1 Bxc4 36. g5 hxg5 37. Rc1 Bd5 38. Qe1 Qd6 0-1

[Event "20th Voronezh Master Open"]
[Site "Voronezh RUS"]
[Date "2016.06.16"]
[Round "5.13"]
[White "Denishev, Marat"]
[Black "Vavulin, Maksim"]
[Result "0-1"]
[BlackTitle "IM"]
[WhiteElo "2275"]
[BlackElo "2507"]
[WhiteFideId "24131563"]
[BlackFideId "4169530"]
[EventDate "2016.06.12"]

1. d4 d5 2. c4 e6 3. Nf3 Nf6 4. g3 dxc4 5. Bg2 a6 6. a4 Nbd7 7. O-O Rb8 8. a5
Bb4 9. Qa4 Qe7 10. Ne5 O-O 11. Nxc4 b5 12. axb6 Nxb6 13. Qc2 Nxc4 14. Qxc4 c5
15. Bf4 Rb6 16. Rc1 cxd4 17. Qxd4 Nd7 18. Bc7 Rb5 19. Na3 Rf5 20. e3 Nf6 21. Rc4
Bc5 22. Rxc5 Qxc5 23. Qxc5 Rxc5 24. Bd6 Ra5 25. b4 Ra4 26. Bc6 Rd8 27. Be7 Rxa3
28. Rxa3 Rd1+ 29. Kg2 Nd5 30. Bc5 Nc7 31. e4 f6 32. Ba4 Rd2 33. Be3 Rd6 34. Rc3
Bd7 35. Bc5 Rd2 36. Be3 Rd6 37. Bb3 Nb5 38. Rc4 Kf7 39. Bc5 Rd3 40. Bc2 Rd2 41.
Be3 Rd6 42. Bc5 Rd2 43. Be3 Rd6 44. Bc1 e5 45. Rc5 Be6 46. Ba4 Bd7 47. Be3 Nd4
48. Rc7 Ke6 49. Bxd4 Rxd4 50. Bxd7+ Rxd7 51. Rc6+ Rd6 52. Rc7 Rd7 53. Rc6+ Rd6
54. Rc7 Rd7 0-1

[Event "20th Voronezh Master Open"]
[Site "Voronezh RUS"]
[Date "2016.06.16"]
[Round "5.14"]
[White "Levin, Evgeny A."]
[Black "Murtazin, Bulat"]
[Result "1-0"]
[WhiteTitle "GM"]
[BlackTitle "FM"]
[WhiteElo "2493"]
[BlackElo "2335"]
[WhiteFideId "4182596"]
[BlackFideId "24151351"]
[EventDate "2016.06.12"]

1. d4 Nf6 2. c4 e6 3. Nc3 Bb4 4. e3 c5 5. Bd3 Nc6 6. Nf3 d6 7. O-O Bxc3 8. bxc3
e5 9. e4 cxd4 10. cxd4 Bg4 11. d5 Nd4 12. Qa4+ b5 13. Qa6 Bxf3 14. gxf3 O-O 15.
f4 Rc8 16. f3 bxc4 17. Bxc4 Nh5 18. fxe5 dxe5 19. Rb1 Qh4 20. Ba3 Nf4 21. Rb2
Rb8 22. Qd6 Qh3 23. Qxb8 Nxf3+ 24. Kh1 h6 25. Qxf8+ Kh7 26. Qxf7 1-0

[Event "20th Voronezh Master Open"]
[Site "Voronezh RUS"]
[Date "2016.06.17"]
[Round "6.1"]
[White "Bocharov, Dmitry"]
[Black "Fedorov, Alexei"]
[Result "1-0"]
[WhiteTitle "GM"]
[BlackTitle "GM"]
[WhiteElo "2602"]
[BlackElo "2565"]
[WhiteFideId "4138716"]
[BlackFideId "13500465"]
[EventDate "2016.06.12"]

1. d4 Nf6 2. c4 g6 3. Nc3 Bg7 4. e4 d6 5. f3 O-O 6. Be3 e5 7. Nge2 c6 8. Qd2
Nbd7 9. d5 cxd5 10. cxd5 a6 11. g4 h5 12. g5 Nh7 13. Nc1 f6 14. gxf6 Rxf6 15.
Be2 Nc5 16. b4 Nd7 17. Nb3 Rf4 18. O-O-O Qf6 19. Kb1 Ng5 20. Bxf4 exf4 21. Rc1
Ne5 22. Nd4 Bh3 23. Ne6 Nxe6 24. dxe6 Bxe6 25. Nd5 Bxd5 26. Qxd5+ Kh8 27. Rc7
Nc6 28. e5 Nxe5 29. Qxb7 Re8 30. Rxg7 Qxg7 31. Qxa6 Qd7 32. Rd1 Qf5+ 33. Bd3 Qe6
34. Be4 Nc4 35. Qa7 Rc8 36. Qd4+ Kh7 37. Rg1 Na3+ 38. Kb2 Nc4+ 39. Ka1 Ne5 40.
Rd1 Rc4 41. Qb2 Qf6 42. a3 Kh6 43. b5 Ra4 44. b6 1-0

[Event "20th Voronezh Master Open"]
[Site "Voronezh RUS"]
[Date "2016.06.17"]
[Round "6.2"]
[White "Gordievsky, Dmitry"]
[Black "Rozum, Ivan"]
[Result "1/2-1/2"]
[WhiteTitle "IM"]
[BlackTitle "GM"]
[WhiteElo "2523"]
[BlackElo "2560"]
[WhiteFideId "24112798"]
[BlackFideId "24104272"]
[EventDate "2016.06.12"]

1. Nf3 Nf6 2. c4 e6 3. Nc3 c5 4. g3 b6 5. Bg2 Bb7 6. O-O Be7 7. d4 cxd4 8. Qxd4
d6 9. Rd1 a6 10. b3 Nbd7 11. e4 Qb8 12. Ba3 Nc5 13. e5 dxe5 14. Qxe5 Ncd7 15.
Qxb8+ Rxb8 16. Bc1 Rc8 17. Bb2 O-O 18. Ne5 Rc7 19. Bxb7 Rxb7 20. Nc6 Bc5 21. Na4
Rc8 22. Nxc5 Nxc5 23. f3 Ne8 24. Ne5 f6 25. Ng4 Rd7 26. Rxd7 Nxd7 27. Rd1 Rc7
28. Kf1 Kf7 29. Ke2 Ke7 30. Ne3 Nc5 31. Ba3 Nd6 32. g4 a5 33. Rc1 Rd7 34. Nd1
Nf7 35. Nc3 Ne5 36. Rd1 Rxd1 37. Nxd1 Nc6 38. Ke3 Nb4 39. Bxb4 axb4 40. Ke2 Kd6
41. Ne3 Nd7 42. Nc2 Kc5 43. Ke3 g5 44. Ke4 Ne5 45. Nd4 Kd6 46. Nb5+ Kc6 47. a3
bxa3 48. Nxa3 Kc5 49. Nb5 Nc6 50. Nc7 Kd6 51. Nb5+ 1/2-1/2

[Event "20th Voronezh Master Open"]
[Site "Voronezh RUS"]
[Date "2016.06.17"]
[Round "6.3"]
[White "Golubov, Saveliy"]
[Black "Volkov, Sergey"]
[Result "1/2-1/2"]
[WhiteTitle "IM"]
[BlackTitle "GM"]
[WhiteElo "2484"]
[BlackElo "2604"]
[WhiteFideId "24176729"]
[BlackFideId "4122763"]
[EventDate "2016.06.12"]

1. Nf3 d5 2. g3 c6 3. Bg2 Bg4 4. O-O Nf6 5. d3 e6 6. Nbd2 Be7 7. e4 a5 8. h3 Bh5
9. exd5 cxd5 10. a4 Nc6 11. c3 O-O 12. Nb3 Rc8 13. g4 Bg6 14. Nh4 Nd7 15. Nxg6
hxg6 16. f4 Nc5 17. Nxc5 Bxc5+ 18. d4 Bd6 19. f5 Qh4 20. Qf3 gxf5 21. gxf5 Ne7
22. fxe6 fxe6 23. Qg4 Rxf1+ 24. Bxf1 Nf5 25. Bg5 Qg3+ 26. Qxg3 Nxg3 27. Bd3 Kf7
28. Kg2 g6 29. Re1 Rh8 30. c4 Nf5 31. cxd5 exd5 32. Rf1 Ke6 33. Re1+ Kf7 34. Rf1
Ke6 35. Re1+ Kf7 1/2-1/2

[Event "20th Voronezh Master Open"]
[Site "Voronezh RUS"]
[Date "2016.06.17"]
[Round "6.4"]
[White "Matinian, Nikita"]
[Black "Burmakin, Vladimir"]
[Result "1/2-1/2"]
[WhiteTitle "IM"]
[BlackTitle "GM"]
[WhiteElo "2465"]
[BlackElo "2543"]
[WhiteFideId "24129100"]
[BlackFideId "4105109"]
[EventDate "2016.06.12"]

1. e4 c6 2. d4 d5 3. e5 Bf5 4. Nf3 e6 5. Be2 Ne7 6. O-O Nc8 7. Nbd2 Be7 8. Nb3
O-O 9. a4 Nb6 10. Nc5 Bxc5 11. dxc5 N6d7 12. b4 Qc7 13. Bf4 a5 14. c3 Na6 15.
Qd2 Be4 16. Rfe1 b6 17. cxb6 Qxb6 18. bxa5 Qxa5 19. Nd4 Rfc8 20. h4 Nac5 21. Qe3
Nxa4 22. Ra3 Qc5 23. Rea1 Nab6 24. Rxa8 Rxa8 25. Rxa8+ Nxa8 26. Qg3 Kf8 27. Qg5
Qe7 28. Qxe7+ Kxe7 29. Nxc6+ Kf8 30. h5 Nab6 31. Be3 Bc2 32. f4 Nc4 33. Kf2 Nxe3
34. Kxe3 Ba4 35. Nb4 Nc5 36. c4 dxc4 37. Bxc4 h6 38. Nd3 Nxd3 39. Bxd3 Ke7 40.
Be2 Bb3 1/2-1/2

[Event "20th Voronezh Master Open"]
[Site "Voronezh RUS"]
[Date "2016.06.17"]
[Round "6.5"]
[White "Ulko, Jaroslav"]
[Black "Zakhartsov, Viacheslav V."]
[Result "1/2-1/2"]
[WhiteTitle "IM"]
[BlackTitle "GM"]
[WhiteElo "2446"]
[BlackElo "2531"]
[WhiteFideId "4116658"]
[BlackFideId "4115333"]
[EventDate "2016.06.12"]

1. Nf3 Nf6 2. c4 b6 3. g3 c5 4. Bg2 Bb7 5. O-O e6 6. Nc3 Be7 7. d4 cxd4 8. Nxd4
Bxg2 9. Kxg2 Qc8 10. Qd3 Nc6 11. Nxc6 Qxc6+ 12. e4 O-O 13. f3 d6 14. b3 a6 15.
Bb2 Rab8 16. Rac1 Qb7 17. Ba3 Rfd8 18. Qe2 b5 19. cxb5 axb5 20. Bb4 Nd7 21. Rfd1
Ne5 22. Nb1 Nc6 23. Bc3 b4 24. Ba1 Ra8 25. Rc2 Na5 26. Nd2 Rdc8 27. Rdc1 Rxc2
28. Rxc2 Bf8 29. Qd3 Rd8 30. Nf1 Rc8 31. Ne3 Rc6 32. Bb2 Qa6 33. Qf1 Qb6 34.
Rxc6 Nxc6 35. Qe2 Qc5 36. Qd2 Qa7 37. Ba1 Qc5 38. Bb2 Qa7 39. Ba1 Qc5 40. Bb2
Qa7 1/2-1/2

[Event "20th Voronezh Master Open"]
[Site "Voronezh RUS"]
[Date "2016.06.17"]
[Round "6.6"]
[White "Nozdrachev, Leonid"]
[Black "Bajarani, Ulvi"]
[Result "1/2-1/2"]
[WhiteTitle "FM"]
[BlackTitle "GM"]
[WhiteElo "2402"]
[BlackElo "2514"]
[WhiteFideId "24113433"]
[BlackFideId "13403028"]
[EventDate "2016.06.12"]

1. e4 e6 2. d4 d5 3. e5 c5 4. c3 Nc6 5. Nf3 Qb6 6. a3 c4 7. Nbd2 Na5 8. g3 Bd7
9. h4 h6 10. h5 Ne7 11. Bh3 O-O-O 12. O-O Nf5 13. Ne1 Be7 14. Ndf3 Nb3 15. Rb1
Nxc1 16. Qxc1 g6 17. Ng2 g5 18. Qc2 Ng7 19. Bg4 Kb8 20. Ne3 Qc7 21. b3 cxb3 22.
Qxb3 Ka8 23. Rfc1 Bc6 24. c4 dxc4 25. Rxc4 Rhf8 26. Qc3 f5 27. exf6 Bxf6 28. Ne5
Bxe5 29. dxe5 Qf7 30. Rxc6 Qxf2+ 31. Kh1 Qxg3 32. Rc7 Qh4+ 33. Kg1 Qf2+ 34. Kh1
Qh4+ 35. Kg1 Qf2+ 36. Kh1 Qh4+ 1/2-1/2

[Event "20th Voronezh Master Open"]
[Site "Voronezh RUS"]
[Date "2016.06.17"]
[Round "6.7"]
[White "Vavulin, Maksim"]
[Black "Levin, Evgeny A."]
[Result "1-0"]
[WhiteTitle "IM"]
[BlackTitle "GM"]
[WhiteElo "2507"]
[BlackElo "2493"]
[WhiteFideId "4169530"]
[BlackFideId "4182596"]
[EventDate "2016.06.12"]

1. e4 e6 2. Qe2 c5 3. g3 Nc6 4. Bg2 g6 5. f4 Bg7 6. Nf3 Nge7 7. O-O O-O 8. c3 d6
9. Na3 Rb8 10. Rb1 e5 11. d3 h6 12. Be3 exf4 13. gxf4 Be6 14. f5 gxf5 15. Nh4 f4
16. Bxf4 Ng6 17. Nf5 Bxf5 18. exf5 Nxf4 19. Rxf4 Qf6 20. Nc4 Rfe8 21. Qf1 Rbd8
22. Bd5 Ne7 23. Ne3 h5 24. Bb3 d5 25. Qh3 d4 26. Ng2 dxc3 27. bxc3 b5 28. Re1 c4
29. dxc4 bxc4 30. Rxc4 Qxf5 31. Qg3 Rd3 32. Rf4 Qc5+ 33. Qf2 Qxf2+ 34. Rxf2 Kh8
35. Bxf7 Rf8 36. Rxe7 Bxc3 37. Nf4 Rd1+ 38. Kg2 Bb4 39. Rb7 1-0

[Event "20th Voronezh Master Open"]
[Site "Voronezh RUS"]
[Date "2016.06.17"]
[Round "6.8"]
[White "Yudin, Sergei"]
[Black "Kokarev, Dmitry"]
[Result "1/2-1/2"]
[WhiteTitle "GM"]
[BlackTitle "GM"]
[WhiteElo "2530"]
[BlackElo "2624"]
[WhiteFideId "4159659"]
[BlackFideId "4132181"]
[EventDate "2016.06.12"]

1. e4 c5 2. Nf3 d6 3. Bb5+ Bd7 4. Bxd7+ Qxd7 5. c4 Nf6 6. Nc3 g6 7. O-O Bg7 8.
d4 cxd4 9. Nxd4 O-O 10. f3 Rc8 11. b3 d5 12. exd5 Nxd5 13. Nxd5 e6 14. Bh6 exd5
15. Bxg7 Kxg7 16. Nb5 dxc4 17. Nd6 Rd8 18. Nxb7 Qxd1 19. Rfxd1 Rxd1+ 20. Rxd1
cxb3 21. axb3 Nc6 22. Rd6 Rb8 23. Rxc6 Rxb7 24. Ra6 Rxb3 25. Rxa7 Rb4 26. Ra2 h5
27. g3 g5 28. Kg2 Kg6 29. Rc2 Ra4 30. Rc6+ f6 31. Rc2 h4 32. Rb2 Kg7 33. Rc2 Kg6
34. Rb2 hxg3 35. hxg3 g4 36. fxg4 Rxg4 37. Kf3 Ra4 38. Re2 Kg5 39. Rb2 f5 40.
Kg2 f4 41. gxf4+ Rxf4 42. Rf2 Rxf2+ 43. Kxf2 1/2-1/2

[Event "20th Voronezh Master Open"]
[Site "Voronezh RUS"]
[Date "2016.06.17"]
[Round "6.10"]
[White "Ioffe, Ilya"]
[Black "Ponkratov, Pavel"]
[Result "0-1"]
[BlackTitle "GM"]
[WhiteElo "2210"]
[BlackElo "2573"]
[WhiteFideId "34134031"]
[BlackFideId "4157800"]
[EventDate "2016.06.12"]

1. e4 c5 2. c3 d6 3. d4 Nf6 4. Bd3 g6 5. Nf3 Bg7 6. O-O O-O 7. h3 Nc6 8. d5 Nb8
9. c4 b5 10. cxb5 a6 11. b6 Nbd7 12. Nc3 Rb8 13. Bf4 Qxb6 14. Rb1 Nh5 15. Bg5
Re8 16. Nd2 Qc7 17. Nc4 Ne5 18. Qd2 Nxd3 19. Qxd3 Bd7 20. Rbe1 Bb5 21. b3 Nf6
22. f4 Nd7 23. e5 f6 24. exd6 exd6 25. Bh4 f5 26. Re7 Rxe7 27. Bxe7 Bxc4 28.
bxc4 Re8 29. Bh4 Re3 30. Qxe3 Bd4 31. Re1 Qa5 32. Kh2 Bxe3 33. Rxe3 h6 34. Ne2
Qxa2 35. Re8+ Nf8 36. Re7 g5 37. Be1 Ng6 38. Re6 Nxf4 39. Nxf4 gxf4 40. Bc3 f3 0-1

[Event "20th Voronezh Master Open"]
[Site "Voronezh RUS"]
[Date "2016.06.17"]
[Round "6.11"]
[White "Kharitonov, Alexandr"]
[Black "Gavrilov, Alexei1"]
[Result "0-1"]
[WhiteTitle "GM"]
[BlackTitle "GM"]
[WhiteElo "2571"]
[BlackElo "2466"]
[WhiteFideId "4135202"]
[BlackFideId "4104358"]
[EventDate "2016.06.12"]

1. c4 c6 2. d4 d5 3. Nf3 Nf6 4. Nbd2 Bf5 5. Nh4 Be6 6. e3 g6 7. b3 Bg7 8. Bb2
O-O 9. Rc1 Nbd7 10. Nhf3 Bg4 11. Be2 Ne4 12. O-O Qa5 13. Nxe4 dxe4 14. Nd2 Bxe2
15. Qxe2 f5 16. a3 e5 17. b4 Qd8 18. c5 exd4 19. Bxd4 Bxd4 20. Qc4+ Rf7 21. Qxd4
Nf6 22. Qb2 Nd5 23. Nc4 Qe7 24. Nd6 Rf6 25. Rcd1 Raf8 26. Qb3 Kg7 27. Rd4 a6 28.
Rfd1 h5 29. Rxd5 cxd5 30. Qxd5 Rb8 31. h4 Kh7 32. Nc4 Rff8 33. Qd7 Rf7 34. Qxe7
Rxe7 35. Kh2 Rf8 36. Kg3 f4+ 37. exf4 Ref7 38. Ne5 Rxf4 39. Rd7+ Kh6 40. Rxb7
Rxf2 41. c6 e3 42. Re7 g5 43. hxg5+ Kxg5 44. Nf3+ Kf6 45. Rxe3 Rc2 46. Nd4 Rg8+
47. Kf3 Rc4 48. Re6+ Kf7 49. Re4 Rc3+ 50. Re3 Rxe3+ 51. Kxe3 Rxg2 52. c7 Rg3+
53. Kd2 Rg8 54. Nf5 Kf6 55. Nd6 h4 56. a4 h3 57. b5 h2 58. Ne4+ Ke6 59. Nf2 Kd7
60. b6 Rg2 0-1

[Event "20th Voronezh Master Open"]
[Site "Voronezh RUS"]
[Date "2016.06.17"]
[Round "6.12"]
[White "Shomoev, Anton"]
[Black "Hayrapetyan, Hovik"]
[Result "1/2-1/2"]
[WhiteTitle "GM"]
[BlackTitle "GM"]
[WhiteElo "2553"]
[BlackElo "2477"]
[WhiteFideId "4135148"]
[BlackFideId "13302639"]
[EventDate "2016.06.12"]

1. e4 c5 2. Nf3 e6 3. d4 cxd4 4. Nxd4 a6 5. c4 Nf6 6. Nc3 Qc7 7. Be2 b6 8. O-O
Bb7 9. Qd3 Nc6 10. Nxc6 dxc6 11. f4 Rd8 12. Qh3 c5 13. f5 exf5 14. Bg5 Be7 15.
Qxf5 O-O 16. Bf4 Qd7 17. Qxd7 Rxd7 18. Bf3 Rd4 19. e5 Ne4 20. Nd5 Bxd5 21. cxd5
Ng5 22. Bxg5 Bxg5 23. Rae1 Re8 24. g3 Rd3 25. d6 Be3+ 26. Kg2 Rxe5 27. Rd1 Rxd1
28. Rxd1 Bg5 29. Bb7 a5 30. Rd5 Rxd5 31. Bxd5 Kf8 32. a4 Bf6 33. b3 Be5 34. d7
Bc7 35. Kf3 Ke7 36. Bc6 Kd6 37. Bb5 Ke5 38. g4 g6 39. Bc4 f5 40. g5 Kd6 41. Bb5
Ke7 42. h4 Be5 43. Bc4 Bc7 44. Bg8 Kf8 45. Be6 Kg7 46. h5 Bd8 1/2-1/2

[Event "20th Voronezh Master Open"]
[Site "Voronezh RUS"]
[Date "2016.06.17"]
[Round "6.13"]
[White "Chigaev, Maksim"]
[Black "Lugovskoy, Maxim"]
[Result "1-0"]
[WhiteTitle "IM"]
[BlackTitle "IM"]
[WhiteElo "2542"]
[BlackElo "2462"]
[WhiteFideId "4108116"]
[BlackFideId "24126454"]
[EventDate "2016.06.12"]

1. e4 e6 2. d4 d5 3. Nd2 Nf6 4. e5 Nfd7 5. c3 c5 6. f4 Nc6 7. Ngf3 Qb6 8. Nb3
cxd4 9. cxd4 f6 10. Bd3 a5 11. a4 Bb4+ 12. Ke2 Nf8 13. Be3 Bd7 14. h4 O-O-O 15.
h5 Be7 16. Kf2 Kb8 17. Bb5 Nb4 18. Qe2 Rc8 19. Nc5 Bc6 20. Rhc1 Qd8 21. exf6
gxf6 22. Bd2 Bxc5 23. dxc5 Rg8 24. Bxb4 axb4 25. a5 Bxb5 26. Qxb5 Qd7 27. Qxb4
e5 28. a6 Ne6 29. fxe5 d4 30. Qxb7+ Qxb7 31. axb7 Kxb7 32. c6+ Kb6 33. Ra4 Kb5
34. Ra7 Rxc6 35. Rxc6 Kxc6 36. Ra6+ Kd7 37. exf6 1-0

[Event "20th Voronezh Master Open"]
[Site "Voronezh RUS"]
[Date "2016.06.17"]
[Round "6.14"]
[White "Rychagov, Andrey"]
[Black "Khusenkhojaev, Muhammad"]
[Result "1/2-1/2"]
[WhiteTitle "GM"]
[BlackTitle "IM"]
[WhiteElo "2556"]
[BlackElo "2419"]
[WhiteFideId "4119932"]
[BlackFideId "14700247"]
[EventDate "2016.06.12"]

1. d4 Nf6 2. c4 g6 3. Nc3 d5 4. Bf4 Bg7 5. e3 O-O 6. Rc1 Be6 7. Qb3 c5 8. Qxb7
Qb6 9. Qxb6 axb6 10. Nf3 Nc6 11. dxc5 bxc5 12. a3 dxc4 13. Ng5 Nd5 14. Nxe6 fxe6
15. Bxc4 Bxc3+ 16. bxc3 Rxa3 17. Bh6 Rfa8 18. O-O Ne5 19. Bxd5 exd5 20. Rfd1 e6
21. Bf4 Nc4 22. e4 dxe4 23. Bh6 Ne5 24. h3 Nd3 25. Rb1 c4 26. Rb7 R3a7 27. Rdb1
Nc5 28. Rxa7 Rxa7 29. Rb4 Ra4 30. Rb8+ Kf7 31. Rh8 e5 32. Rxh7+ Ke6 33. Rg7 Ra3
34. Rxg6+ Kd5 35. Bf8 e3 36. Rd6+ Ke4 37. f3+ Kf5 38. Bh6 Ne6 39. Bxe3 Rxc3 40.
Kf2 Rc2+ 41. Rd2 Rc3 42. g4+ Kf6 43. h4 Rb3 44. g5+ Ke7 45. h5 c3 46. Re2 Kf7
47. Bc1 Nf4 48. Bxf4 exf4 49. h6 Rb2 50. h7 Kg7 51. Ke1 Rb1+ 52. Kf2 Kxh7 53.
Re7+ Kg6 54. Rc7 Rb2+ 55. Ke1 c2 56. Kd2 Kxg5 57. Rg7+ Kf5 58. Rf7+ Kg5 59. Rg7+
Kf6 60. Rg8 Rb3 61. Rf8+ Kg5 62. Rg8+ Kh5 63. Rh8+ Kg6 64. Rg8+ Kh6 65. Rh8+ Kg7
66. Kxc2 Rxf3 67. Rh5 Kg6 68. Ra5 Re3 69. Kd2 Re6 70. Rb5 Re4 71. Ra5 f3 72. Ra3
Rf4 73. Ke1 Kg5 74. Kf2 Kg4 75. Ra8 Rb4 1/2-1/2

[Event "20th Voronezh Master Open"]
[Site "Voronezh RUS"]
[Date "2016.06.18"]
[Round "7.1"]
[White "Gordievsky, Dmitry"]
[Black "Bocharov, Dmitry"]
[Result "1-0"]
[WhiteTitle "IM"]
[BlackTitle "GM"]
[WhiteElo "2523"]
[BlackElo "2602"]
[WhiteFideId "24112798"]
[BlackFideId "4138716"]
[EventDate "2016.06.12"]

1. Nf3 c5 2. c4 Nc6 3. Nc3 g6 4. e3 Nf6 5. d4 cxd4 6. exd4 d5 7. cxd5 Nxd5 8.
Qb3 e6 9. Bb5 Bg7 10. O-O O-O 11. Bxc6 bxc6 12. Na4 Nb6 13. Nc5 Nd7 14. Bf4 Nxc5
15. dxc5 Qd5 16. Bd6 Qxb3 17. axb3 Rd8 18. Rfd1 Bb7 19. Be5 f6 20. Rxd8+ Rxd8
21. Bd6 a6 22. Nd2 Kf7 23. Nc4 e5 24. f3 Ke6 25. Kf2 h5 26. Ra4 f5 27. Rb4 Bc8
28. Rb8 Bf6 29. Ke3 Re8 30. Nb6 Bd7 31. Rb7 Rd8 32. Bc7 Bc8 33. Bxd8 Bxb7 34.
Bxf6 Kxf6 35. h4 Ke6 36. f4 e4 37. b4 Kf6 38. Kd4 Ke6 39. Kc3 Ke7 40. Nc4 Kf6
41. Ne5 Ba8 42. Kc4 Bb7 43. Kb3 Ba8 44. Ka4 Ke6 45. Ka5 Kd5 46. Kxa6 e3 47. Ka7
e2 48. Nf3 Kc4 49. Kxa8 Kxb4 50. Kb7 Kxc5 51. Kc7 Kd5 52. b4 Kc4 53. Kxc6 Kxb4
54. Kd5 Kc3 55. Ke5 Kd3 56. Kf6 Ke3 57. Kxg6 Kxf4 58. Kxh5 Kg3 59. Kg5 Kxg2 60.
Kf4 1-0

[Event "20th Voronezh Master Open"]
[Site "Voronezh RUS"]
[Date "2016.06.18"]
[Round "7.2"]
[White "Volkov, Sergey"]
[Black "Vavulin, Maksim"]
[Result "0-1"]
[WhiteTitle "GM"]
[BlackTitle "IM"]
[WhiteElo "2604"]
[BlackElo "2507"]
[WhiteFideId "4122763"]
[BlackFideId "4169530"]
[EventDate "2016.06.12"]

1. d4 e6 2. c4 c5 3. d5 exd5 4. cxd5 d6 5. Nc3 a6 6. a4 g6 7. Nf3 Bg7 8. Bf4 Nf6
9. h3 O-O 10. e3 Ne8 11. Bc4 Nd7 12. O-O Qe7 13. a5 Rb8 14. Qe2 Nc7 15. Rfd1 Re8
16. Na4 b5 17. axb6 Nxb6 18. Nxc5 Nbxd5 19. Bg5 Qf8 20. Na4 Bb7 21. Qd2 Bc6 22.
Qa5 Rec8 23. Nd4 Bxa4 24. Rxa4 Nb6 25. Rb4 Nxc4 26. Rxc4 Bxd4 27. exd4 Ne6 28.
Rxc8 Qxc8 29. Bh6 Rb5 30. Qd2 d5 31. Rc1 Qd7 32. f4 f6 33. f5 gxf5 34. Qf2 Qa7
35. Rc8+ Kf7 36. Qxf5 Qxd4+ 37. Kh1 Qe4 38. Qxe4 dxe4 39. Ra8 Kg6 40. Bc1 a5 41.
Kh2 Nd4 42. Bd2 Rxb2 43. Bc3 Nf3+ 44. Kg3 Rb3 45. Bxa5 Nd4+ 46. Kf4 Ra3 47. Rg8+
Kf7 48. Rf8+ Kxf8 49. Bb4+ Kf7 50. Bxa3 e3 51. Bb4 Nc2 52. Bc3 e2 53. g4 e1=Q
54. Bxe1 Nxe1 55. h4 Ng2+ 56. Kg3 Ne3 57. Kf4 Nd5+ 58. Ke4 Ne7 59. Kf4 Kg6 60.
Ke4 h5 61. Kf4 Nd5+ 62. Kf3 hxg4+ 63. Kxg4 f5+ 64. Kg3 Kh5 65. Kh3 f4 0-1

[Event "20th Voronezh Master Open"]
[Site "Voronezh RUS"]
[Date "2016.06.18"]
[Round "7.3"]
[White "Ponkratov, Pavel"]
[Black "Golubov, Saveliy"]
[Result "0-1"]
[WhiteTitle "GM"]
[BlackTitle "IM"]
[WhiteElo "2573"]
[BlackElo "2484"]
[WhiteFideId "4157800"]
[BlackFideId "24176729"]
[EventDate "2016.06.12"]

1. e4 e6 2. d4 d5 3. e5 c5 4. c3 Qb6 5. Nf3 Nc6 6. a3 Nh6 7. b4 cxd4 8. cxd4 Nf5
9. Bb2 Bd7 10. Qd2 h5 11. Bc3 a6 12. Bd3 a5 13. bxa5 Nxa5 14. O-O Be7 15. Ra2
Nc4 16. Bxc4 dxc4 17. Rb2 Qc7 18. d5 exd5 19. Bb4 Bxb4 20. Rxb4 Qc5 21. Rxb7 d4
22. Qf4 Qd5 23. Rc7 O-O 24. Nbd2 Rfc8 25. Rxc8+ Rxc8 26. Ne4 c3 27. g4 hxg4 28.
Qxg4 Kf8 29. Nd6 Rc6 30. Qh3 c2 31. Rc1 d3 32. Nxf5 Bxf5 33. Qh8+ Ke7 34. Qh4+
Ke8 35. Qf4 d2 36. Nxd2 Rg6+ 37. Kf1 Qd3+ 0-1